Sauces Grecs - Statistiques

Statistiques générales
  • Ce quiz a été pris 146 fois
  • Le résultat moyen est 8 sur 14
Statistiques - réponses
Réponse % Correct
pas de gout Ketchup
95%
t chelou Mayonnaise
93%
la meilleure Algérienne
89%
classique Blanche
89%
musique de kendji Andalouse
83%
pas deg Samourai
77%
pour cuire les saucisse Barbecue
74%
ca pique Harissa
65%
c ossi une danse Salsa
47%
avec ceci une henkein ? Moutarde
46%
c bon wlh Curry
31%
jamais vu au grec mais pk pas Béarnaise
13%
jamais vu dans un grec mais pk pas Tartare
8%
perso j'connaissais pas Aïoli
7%
Aucun quiz correspondant
Distribution des résultats
% des personnes avec chaque résultat
Percentile par nombre de réponses
Votre historique - résultats
Vous n’avez pas pris ce quiz